Marktwirtschaft in der Sowjetunion Stand nach sechs Perestroika-Jahren

Gespeichert in:
Bibliographische Detailangaben
1. Verfasser: Korowkin, Wladimír
Format: Buch
Sprache:Deutsch
Veröffentlicht: Kiel Institut für Weltwirtschaft 1991
Schriftenreihe:Arbeitspapier Nr. 471
Tags: Tag hinzufügen
Keine Tags, Fügen Sie das erste Tag hinzu!

MARC

LEADER 00000nam a2200000 4500
001 c039590
005 20250526075855.9
041 0 |a ger 
044 |a DE 
245 1 0 |a Marktwirtschaft in der Sowjetunion  |b Stand nach sechs Perestroika-Jahren  |c Wladimír Korowkin 
264 1 |a Kiel  |b Institut für Weltwirtschaft  |c 1991 
300 |a 33 s. 
490 1 |a Arbeitspapier  |v Nr. 471 
830 0 |a Arbeitspapier  |v Nr. 471 
100 1 |a Korowkin, Wladimír